000 00684cam a2200217 4500500
005 20260405002909.0
041 _afre
042 _adc
100 1 0 _aEnjalbert, Cédric
_eauthor
245 0 0 _aSandra Laugier, Gaspard Koenig. Liberté, égalité… et quoi d’autre ?
260 _c2019.
500 _a47
690 _aCare
690 _aGaspard Koenig
690 _aJustice sociale
690 _aLibéralisme
690 _aRevenu universel
690 _aSandra Laugier
786 0 _nPhilosophie magazine | 128 | 4 | 2019-04-01 | p. 30-30 | 1951-1787
856 4 1 _uhttps://shs.cairn.info/magazine-philosophie-magazine-2019-4-page-30?lang=fr&redirect-ssocas=7080
999 _c2062256
_d2062256